000 00344nam a2200145Ia 4500
008 191201s2009 xx 000 0 und d
082 _a658.15
_bSOM
100 _aSOMANATH,V.S.
245 0 _aMicro Finance Redefining the future
250 _a1st
260 _aN. Delhi
_bExcel Books
_c2009
300 _a286
650 _aMBA
942 _2ddc
_cBK
999 _c5137
_d5137